| Tag |
First Indicator |
Second Indicator |
Subfields |
| LEADER |
00000cam a2200000 4500 |
| 001 |
in00000063604 |
| 005 |
20151007083208.0 |
| 008 |
720623s1938 nyuab b 00000 eng |
| 010 |
|
|
|a 38017218
|
| 035 |
|
|
|a (OCoLC)00339606
|
| 035 |
|
|
|9 AAF9002AM
|
| 040 |
|
|
|a DLC
|c CSU
|d TXA
|d UtOrBLW
|
| 049 |
|
|
|a TXAM
|c [87553]
|
| 050 |
|
0 |
|a HC25
|b .D55
|
| 092 |
|
|
|a 330
|b D621e
|
| 100 |
1 |
|
|a Dixon, Russell Ayers,
|d 1900-
|
| 245 |
1 |
0 |
|a Economics and cultural change /
|c [by] Russell A. Dison and E. Kingman Eberhart.
|
| 250 |
|
|
|a 1st ed.
|
| 264 |
|
1 |
|a New York,
|a London :
|b McGraw-Hill,
|c 1938.
|
| 300 |
|
|
|a xi, 550p :
|b illustrations (including maps) diagram ;
|c 24cm.
|
| 336 |
|
|
|a text
|b txt
|2 rdacontent
|
| 337 |
|
|
|a unmediated
|b n
|2 rdamedia
|
| 338 |
|
|
|a volume
|b nc
|2 rdacarrier
|
| 504 |
|
|
|a Bibliography at end of each chapter.
|
| 650 |
|
0 |
|a Economic history.
|
| 650 |
|
0 |
|a Culture.
|
| 650 |
|
0 |
|a Civilization
|x History.
|
| 700 |
1 |
|
|a Eberhart, Ennis Kingman.
|
| 999 |
|
|
|a MARS
|
| 999 |
f |
f |
|s 6af503c2-7bf8-354d-ae3c-6fe44937b99a
|i f43bfdd3-ffad-3aaa-8c47-20b2ecc5d0a0
|t 0
|
| 952 |
f |
f |
|p ric
|a Texas A&M University
|b Rellis Campus
|c Joint Library Facility
|d Remote Storage
|t 0
|e HC25 .D55
|h Library of Congress classification
|i unmediated -- volume
|m A14800685530
|
| 998 |
f |
f |
|a HC25 .D55
|t 0
|l Remote Storage
|